| 000 | 00638nam a22001935i 4500 | ||
|---|---|---|---|
| 001 | 171882 | ||
| 003 | ES-MaACL | ||
| 005 | 20230906214744.0 | ||
| 008 | 090605s1985 ag |||| | spa d | ||
| 020 | _a950-02-0146-1 | ||
| 245 | 0 | 0 |
_aMedicina sanitaria y administración de salud / _cdirector, Abraam Sonís. |
| 250 | _a4ª ed. | ||
| 260 |
_aBuenos Aires [etc.] : _bEl Ateneo, _c1985. |
||
| 300 |
_a2 v. ; _c26 cm. |
||
| 505 | 8 | _aContiene: 1. Actividades y técnicas de salud pública -- 2. Atención de la salud | |
| 650 | 1 | 4 |
_aSalud pública. _916973 |
| 700 | 1 |
_aSonís, Abraam. _9140510 |
|
| 852 |
_aES-MaACL _jL-10607-8 _9112463 |
||
| 999 |
_c171882 _d171882 |
||